00646nam a2200169 a 4500003000200000005001700002008004100019050003100060100003700091245008800128260009000216300002800306504004100334650003200375650003100407650003800438020250203115721.0130824s19uu xx 00 eng d aPHS RJ 506.S43b.D332 2013 aDela Cruz, Francesca Marielle B. aBody image and self-esteem of grade 11 students /cFrancesca Marielle B. Dela Cruz. aLas Piñas City, Philippines :bSouthville International School and Colleges,c2013. a27 p. :bill. ;c28 cm. aIncludes bibliographical references. aSelf-esteem in adolescence. aBody image in adolescence. aHigh school studentsvPsychology.